Tuyển tập địa bạ Thăng Long - Hà Nội : Địa bạ huyện Sơn Minh
Giới thiệu về nguồn tư liệu địa bạ huyện Sơn Minh, Hà Nội. Thông tin về đơn vị hành chính các cấp, địa giới, tổng diện tích các loại ruộng đất, quan hệ ruộng đất, đất công của các làng xã......
Guardat en:
| Autor principal: | |
|---|---|
| Format: | Llibre |
| Idioma: | Undetermined |
| Publicat: |
Hà Nội
Nxb. Hà Nội
2019
|
| Matèries: | |
| Etiquetes: |
Afegir etiqueta
Sense etiquetes, Sigues el primer a etiquetar aquest registre!
|
| Thư viện lưu trữ: | Trung tâm Học liệu Trường Đại học Cần Thơ |
|---|
| LEADER | 00968nam a2200217Ia 4500 | ||
|---|---|---|---|
| 001 | CTU_239909 | ||
| 008 | 210402s9999 xx 000 0 und d | ||
| 082 | |a 915.9731 | ||
| 082 | |b Qu121/T.2 | ||
| 100 | |a Vũ, Văn Quân | ||
| 245 | 0 | |a Tuyển tập địa bạ Thăng Long - Hà Nội : | |
| 245 | 0 | |b Địa bạ huyện Sơn Minh | |
| 245 | 0 | |c Vũ Văn Quân (Chủ biên) | |
| 260 | |a Hà Nội | ||
| 260 | |b Nxb. Hà Nội | ||
| 260 | |c 2019 | ||
| 520 | |a Giới thiệu về nguồn tư liệu địa bạ huyện Sơn Minh, Hà Nội. Thông tin về đơn vị hành chính các cấp, địa giới, tổng diện tích các loại ruộng đất, quan hệ ruộng đất, đất công của các làng xã... | ||
| 650 | |a Tên địa danh,Names, geographical | ||
| 650 | |x Lịch sử,History | ||
| 910 | |b nthai | ||
| 980 | |a Trung tâm Học liệu Trường Đại học Cần Thơ | ||